Normal view MARC view

Entry Topical Term

Number of records used in: 1

001 - CONTROL NUMBER

  • control field: 811959

003 - CONTROL NUMBER IDENTIFIER

  • control field: OSt

005 - DATE AND TIME OF LATEST TRANSACTION

  • control field: 20250605163319.0

008 - FIXED-LENGTH DATA ELEMENTS

  • fixed length control field: 250605|| aca||aabn | a|a d

040 ## - CATALOGING SOURCE

  • Original cataloging agency: OSt
  • Transcribing agency: OSt

150 ## - HEADING--TOPICAL TERM

  • Topical term or geographic name entry element: India -- Civilization -- To 1200 -- Foreign relations -- To 1765 -- History -- 1000-1526 -- 324 B.C.-1000 A.D

670 ## - SOURCE DATA FOUND

  • Source citation: Work cat.: (OSt)1430012: Dalrymple, William, Golden road :, 2024.
Copyright @ Delhi University Library System